| 000 | 01448nam0a2200265 4500 | ||
|---|---|---|---|
| 001 | RU\NLR\BIBL_A\011615367 | ||
| 005 | 20260407082356.0 | ||
| 035 | _a(NLR Aleph) 011615367 | ||
| 090 |
_a10955758 _c10955758 |
||
| 100 | _a20180131d2004 |||y0rusy50 ca | ||
| 101 | 0 | _arus | |
| 102 | _aRU | ||
| 105 | _aa|||g|||000yy | ||
| 200 | 1 |
_aМуниципальные библиотеки Белгородской области _eсправочник _e[по состоянию на 01.01.2004 г.] _fБелгородская государственная универсальная научная библиотека _g[составитель: Л. П. Екумс, библиотекарь] |
|
| 210 |
_aБелгород _cБелгородская государственная универсальная научная библиотека _d2004 |
||
| 215 |
_a342, [1] с. _cил. _d20 |
||
| 606 | 1 |
_aМуниципальные библиотеки _jСправочники _yБелгородская область _92354245 _3RU\NLR\AUTH\6601629054 |
|
| 686 | 1 | _aЧ734(2Р-4Бл)73я2 | |
| 702 | 1 |
_aЕкумс _bЛ. П. _4220 |
|
| 712 | 0 | 2 |
_4475 _aБелгородская государственная универсальная научная библиотека _3RU\NLR\AUTH\8810043069 _9585602 |
| 942 | _cBOOK | ||
| 980 | _aNB | ||